LEADER 01529nam a2200325 u 4500 001 000000006565 003 CaOOAMICUS 005 20070226104904.0 008 940514s1990 it f u000 u ita u 020 $a88-7011-388-4 035 $a10170125 040 $aBAV$bita 100 1 $aZarri, Gabriella,$d1942-$0(OLS)http://pul/name/6684 245 13$aLe sante vive :$bcultura e religiosità femminile nella prima età moderna /$cGabriella Zarri. 246 14$aSante vive, profezie di corte e devozione femminile tra '400 e '500 260 $aTorino :$bRosenberg & Sellier,$c1990. 300 $a258 p., c. di tav. :$bill. ;$c21 cm 490 1 $aSacro/Santo ;$v2 500 $aTit. di copertina: Le sante vive, profezie di corte e devozione femminile tra '400 e '500. 504 $aBibliografia: p. 219-258. 650 4$aSanti$xCulto$yEvo medio.$0(OLS)http://pul/subject/5827 830 0$aSacro/Santo ;$v2.$0(OLS)http://pul/title/9649 850 $aPUL 852 $aPUL$W1$xDP1 Altre Collocazioni$y17$m622 A 9$j9298$nBK-PRI$b $qStampati$B9298$CPULBib$Z2$F9298 $H $81 941 1 $a8 961 $aINV: 82523 996 $6020$a88-7011-388-4$9(OLS)http://pul/number/8466 996 $6245$aLe sante vive :$bcultura e religiosità femminile nella prima età moderna$9(OLS)http://pul/title/9647 996 $6246$aSante vive, profezie di corte e devozione femminile tra '400 e '500$9(OLS)http://pul/title/9648 996 $6260$aTorino :$bRosenberg & Sellier$9(OLS)http://pul/publisher/51344 LEADER 01075naa a2200241 u 4500 001 000000102450 003 CaOOAMICUS 005 20070226130211.0 008 060516s1984 it u000 u ger u 035 $a11089147 040 $aIAR$bita 041 0 $ager$bita 100 1 $aWlosok, Antonie.$0(OLS)http://pul/name/63681 245 14$aDer Held als Ärgernis :$bVergils Aeneas /$cAntonie Wlosok. 260 $aMerano :$b[s.n.],$c1984. 300 $aS. 47-72 ;$c24 cm 500 $aItalienische Zusammenfassung 500 $aIAR: FF-160.02 773 0 $aDeutsch-italienische Studien : Monographische Reihe des deutsch-italienischen Kulturinstitutes.$t2. 773 0 $aStudi italo - tedeschi : collana di monografie dell'Accademia di Studi Italo - Tedeschi.$t2. 773 0 $tPublius Vergilius Maro, 70-19 a.C. : 1982 - Celebrazioni del bimillenario della morte = 1982 - Gedenkfeier zur 2000. Wiederkehr des Todestages$w()19267 996 $6245$aDer Held als Ärgernis :$bVergils Aeneas$9(OLS)http://pul/title/129358 996 $6260$aMerano :$b[s.n.]$9(OLS)http://pul/publisher/56098